[Event "FSIM June 2017"]
[Site "Budapest HUN"]
[Date "2017.06.08"]
[Round "6.3"]
[White "Balint,Vi"]
[Black "Dewi,A"]
[Result "0-1"]
[WhiteElo "2229"]
[BlackElo "2157"]

1.Nf3 Nf6 2.g3 g6 3.Bg2 Bg7 4.c4 d6 5.d4 O-O 6.O-O Nbd7 7.Nc3 e5 8.e4 exd4
9.Nxd4 Re8 10.h3 a6 11.Be3 Rb8 12.Re1 Ne5 13.b3 c5 14.Nde2 b5 15.f4 Ned7
16.Qxd6 b4 17.e5 bxc3 18.Nxc3 Nh5 19.Bf2 Bf8 20.Qd3 Nb6 21.Qe2 Bf5 22.Qf3 Bc8
23.g4 Bb7 24.Ne4 Bxe4 25.Rxe4 Ng7 26.f5 Qc8 27.e6 gxf5 28.gxf5 fxe6 29.f6 Nf5
30.Qg4+ Kf7 31.Qh5+ Kxf6 32.Rg4 Ke7 33.Qxh7+ Kd8 34.Be4 Qd7 35.Qh5 Kc7 36.Rg5
Bd6 37.b4 Nxc4 38.bxc5 Bf4 39.Rd1 Qe7 40.Rg6 Be3 41.Bxe3 Ncxe3 42.Rd3 Rb1+
43.Kh2 Nf1+ 44.Kg2 Nh4+ 45.Kf2 Rf8+ 46.Ke2 Rb2+ 47.Kd1 Nxg6 48.c6 Ne3+ 49.Rxe3
Rf1+ 50.Re1 Rxe1+ 51.Kxe1 Qh4+ {#R} 0-1

[Event "10th Mayors Cup Open 2017"]
[Site "Mumbai IND"]
[Date "2017.06.09"]
[Round "8.19"]
[White "Raja,Rithvik R"]
[Black "Gajwa,A"]
[Result "0-1"]
[WhiteElo "2155"]
[BlackElo "2309"]

1.Nf3 Nf6 2.c4 g6 3.g3 Bg7 4.Bg2 O-O 5.d4 d6 6.Nc3 Nbd7 7.O-O e5 8.e4 c6 9.h3
Qb6 10.Re1 exd4 11.Nxd4 Re8 12.Re2 Qb4 13.Rc2 Nc5 14.Bd2 Qb6 15.Be3 Qc7 16.f3
a5 17.Qd2 a4 18.Rd1 Nfd7 19.Qf2 Ne5 20.Bf1 Qe7 21.Rcd2 f5 22.exf5 Nxf3+
23.Nxf3 Qxe3 24.fxg6 hxg6 25.Nd4 a3 26.b4 Qxc3 27.bxc5 dxc5 28.Nb3 Bf5 29.g4
Bh6 30.Re2 Rxe2 31.Qxe2 Qg3+ 32.Kh1 Be3 33.Bg2 Bf4 34.Kg1 Qe3+ {#R} 0-1

[Event "9th Capo d'Orso Open 2017"]
[Site "Porto Mannu Palau ITA"]
[Date "2017.06.06"]
[Round "4.8"]
[White "Esposito,L"]
[Black "Baenziger,Fabian"]
[Result "0-1"]
[WhiteElo "2196"]
[BlackElo "2342"]

1.d4 Nf6 2.Nf3 g6 3.c4 Bg7 4.g3 O-O 5.Bg2 d6 6.O-O c6 7.Nc3 Nbd7 8.e4 e5 9.h3
Qa5 10.d5 cxd5 11.cxd5 b5 12.Re1 Nc5 13.Nd2 b4 14.Ncb1 Ba6 15.Nb3 Nxb3 16.Qxb3
Nd7 17.Be3 f5 18.f3 fxe4 19.fxe4 Nc5 20.Qd1 Nd3 21.Re2 Rac8 22.Rc2 Rxc2
23.Qxc2 Ne1 24.Qc1 Nxg2 25.Kxg2 Qb5 {#R} 0-1

[Event "44th OKU 2017"]
[Site "Utrecht NED"]
[Date "2017.06.09"]
[Round "1.1"]
[White "Horvath,Jo1"]
[Black "Rosmuller,A"]
[Result "1-0"]
[WhiteElo "2541"]
[BlackElo "2070"]

1.c4 g6 2.d4 Bg7 3.e4 d6 4.Nc3 Nf6 5.Bd3 e5 6.d5 c6 7.Nge2 Na6 8.a3 Nc5 9.Bc2
a5 10.Rb1 cxd5 11.cxd5 Bd7 12.b4 axb4 13.axb4 Na6 14.Bd3 O-O 15.O-O Nh5 16.Be3
f5 17.f3 f4 18.Bf2 Qg5 19.Kh1 Bf6 20.Bb5 Bc8 21.Na4 Bd8 22.Nb6 Bxb6 23.Bxb6
Ng3+ 24.hxg3 fxg3 25.Kg1 Qh4 26.Nxg3 Qxg3 27.Qd2 Qh4 28.Rfc1 g5 29.Qf2 Qh5
30.Be2 Qg6 31.Ra1 Bd7 32.b5 Nc5 33.Rxa8 Rxa8 34.Bxc5 dxc5 35.Qxc5 g4 36.d6 Re8
37.fxg4 Qg5 38.Rf1 Qd2 39.Bc4+ {#r} 1-0

[Event "44th OKU 2017"]
[Site "Utrecht NED"]
[Date "2017.06.11"]
[Round "6.15"]
[White "Rosmuller,A"]
[Black "Van der Tuuk,J"]
[Result "1-0"]
[WhiteElo "2070"]
[BlackElo "2132"]

1.d4 Nf6 2.c4 g6 3.Nc3 Bg7 4.e4 d6 5.Bd3 Nc6 6.d5 Nb8 7.f4 O-O 8.Nf3 e6 9.O-O
exd5 10.cxd5 c6 11.f5 cxd5 12.exd5 Re8 13.Ng5 Bxf5 14.Bxf5 gxf5 15.Qb3 Nbd7
16.Qxb7 h6 17.Nf3 Ne4 18.h3 Ndc5 19.Qb5 a5 20.Ne2 Ra7 21.Qc4 Rb7 22.Qc2 Rbe7
23.Rb1 Rc7 24.Qd1 a4 25.Nfd4 Re5 26.Nf3 Re8 27.b4 axb3 28.axb3 Rb7 29.Nh4 {#r}
1-0

[Event "12th American Continental"]
[Site "Medellin COL"]
[Date "2017.06.11"]
[Round "2.4"]
[White "Bruzon Batista,L"]
[Black "Escalante Ramirez,Brian Sebasti"]
[Result "1-0"]
[WhiteElo "2650"]
[BlackElo "2338"]

1.d4 Nf6 2.c4 g6 3.Nc3 Bg7 4.e4 d6 5.h3 O-O 6.Be3 c5 7.Nf3 cxd4 8.Nxd4 Nc6
9.Be2 Nxd4 10.Bxd4 Be6 11.O-O Qa5 12.Rc1 Rfc8 13.b3 a6 14.f4 b5 15.f5 Bd7
16.Bxf6 Bxf6 17.Nd5 Bc6 18.Nxf6+ exf6 19.fxg6 hxg6 20.Qxd6 Qxa2 21.Bg4 Bxe4
22.Rf2 Qxb3 23.Bxc8 Rxc8 24.Qxf6 Rf8 25.Rf4 Qe3+ 26.Kh2 g5 27.Qxg5+ Bg6
28.Rcf1 b4 29.h4 {#r} 1-0

[Event "39th Nezhmetdinov Mem"]
[Site "Kazan RUS"]
[Date "2017.06.07"]
[Round "8.5"]
[White "Kozionov,Kirill"]
[Black "Kokarev,Dm"]
[Result "0-1"]
[WhiteElo "2437"]
[BlackElo "2640"]

1.d4 Nf6 2.c4 g6 3.Nc3 Bg7 4.e4 d6 5.h3 O-O 6.Be3 c5 7.d5 e6 8.Nf3 exd5 9.exd5
Na6 10.Be2 Bf5 11.Bd3 Qd7 12.O-O Rfe8 13.Rb1 Ne4 14.Nxe4 Bxe4 15.a3 b5 16.Bxe4
Rxe4 17.Nd2 Ree8 18.Qc2 Rab8 19.b3 Nc7 20.Rfc1 a5 21.Qd3 f5 22.Bf4 Be5 23.Bxe5
Rxe5 24.b4 axb4 25.axb4 Na6 26.bxc5 Nxc5 27.Qd4 b4 28.Nb3 Qc7 29.Nxc5 Qxc5
30.Qxc5 dxc5 31.Rb3 Kf7 32.Kf1 Ra8 33.Rb2 Kf6 34.Rd2 Ke7 35.Re2 Rxe2 36.Kxe2
Ra2+ 37.Ke3 Kd6 38.h4 Ke5 39.Rd1 Ra3+ 40.Ke2 Kd6 41.Rc1 Ra2+ 42.Ke3 h6 43.g3
g5 44.hxg5 hxg5 45.Kf3 Rd2 46.Ke3 Rd4 47.Rc2 b3 48.Rb2 Rxc4 49.Rxb3 Rb4 50.Rd3
Re4+ 51.Kf3 g4+ 52.Kg2 c4 53.Rd1 c3 54.Kf1 Rb4 55.Rc1 Rb3 56.Ke2 Kxd5 57.Kd3
Rb2 58.Rf1 Ra2 59.Kxc3 Ke4 60.Re1+ Kf3 61.Re5 Rxf2 62.Rxf5+ Kxg3 63.Rg5 Re2
64.Kd4 {#R} 0-1

[Event "CHN Team Men 2017"]
[Site "Beijing CHN"]
[Date "2017.06.11"]
[Round "6.4"]
[White "Ma,Zhonghan"]
[Black "Li Shilong"]
[Result "1-0"]
[WhiteElo "2458"]
[BlackElo "2524"]
[EventType "team"]

1.d4 Nf6 2.c4 g6 3.Nc3 Bg7 4.e4 d6 5.h3 O-O 6.Be3 e5 7.d5 a5 8.g4 Na6 9.Nge2
h5 10.f3 Nh7 11.Qd2 h4 12.Rg1 Bd7 13.O-O-O Nc5 14.Nb5 Bxb5 15.cxb5 Bf6 16.g5
Be7 17.Rg4 Qe8 18.Rxh4 Qxb5 19.Nc3 Qb4 20.Rg4 a4 21.Nb5 Qxd2+ 22.Rxd2 Rfc8
23.Kb1 Kg7 24.h4 c6 25.dxc6 Rxc6 26.Nc3 Nf8 27.Bb5 Rcc8 28.Rc2 Nfe6 29.Nxa4
Nc7 30.Nc3 N5e6 31.Bc4 Nd4 32.Bxd4 exd4 33.Nd5 Nxd5 34.Bxd5 Rxc2 35.Kxc2 Ra4
36.Kd3 Bd8 37.f4 Bb6 38.f5 gxf5 39.exf5 Ra5 40.f6+ Kf8 41.Bxb7 Rxa2 42.Rg2 Ra1
43.Bd5 Rh1 44.g6 Rh3+ 45.Kc4 {#r} 1-0

[Event "CHN Team Men 2017"]
[Site "Beijing CHN"]
[Date "2017.06.09"]
[Round "4.2"]
[White "Yu Yangyi"]
[Black "Zhao Jun"]
[Result "1-0"]
[WhiteElo "2749"]
[BlackElo "2624"]
[EventType "team"]

1.c4 Nf6 2.Nc3 g6 3.d4 Bg7 4.e4 d6 5.Be2 O-O 6.Bg5 Na6 7.Qd2 e5 8.d5 Qe8 9.Bd1
Nc5 10.Bc2 a5 11.Nge2 Bd7 12.O-O h5 13.b3 Nh7 14.Bh6 Qe7 15.Bxg7 Kxg7 16.a3 h4
17.h3 Nf6 18.b4 axb4 19.axb4 Rxa1 20.Rxa1 Na6 21.Nd1 Bc8 22.Ne3 Nh5 23.Bd3 Nb8
24.Ra8 Nd7 25.Ng4 Rh8 26.Qe3 Nb6 27.Ra7 Nd7 28.Nh2 Re8 29.Bc2 Rh8 30.Qc3 Nhf6
31.Ra5 c5 32.dxc6 bxc6 33.Ra7 Qd8 34.c5 dxc5 35.bxc5 Qe7 36.Nf3 Qxc5 37.Qxc5
Nxc5 38.Nxe5 Bb7 39.Nd4 Ra8 40.Rxa8 Bxa8 41.f3 Nh5 42.Nexc6 Bxc6 43.Nxc6 Nf4
44.Kf2 Kf6 45.Bb1 Kg7 46.Ba2 f6 47.Bc4 Nd7 48.Bf1 Ne5 49.Nb4 g5 50.Nd5 Neg6
51.Ne3 Nh5 52.Bb5 Ne5 53.Ke2 Nf4+ 54.Kd2 Kf7 55.Kc3 Ke7 56.Kd4 Ne6+ 57.Kc3 Nf4
58.Kb4 Kd6 59.Nf5+ Ke6 60.Bf1 Kd7 61.Kc5 Ne6+ 62.Kb6 Nf4 63.Ne3 Kd6 64.Kb7 Kd7
65.Nf5 Kd8 66.Ne3 Kd7 67.Bb5+ Kd6 68.Kb6 Neg6 69.Ba4 Ne5 70.Nf5+ Ke6 71.Bb3+
Kd7 72.Ba4+ Ke6 73.Bb3+ Kd7 74.Ne3 Kd6 75.Kb5 Kd7 76.Kc5 Ned3+ 77.Kd4 Kd6
78.Bc4 Ne5 79.Nf5+ Kd7 80.Bf1 Ke6 81.Ke3 Neg6 82.g3 hxg3 83.Nxg3 Nh4 84.Nh1
Ke7 85.Nf2 Nhg6 86.Ng4 Ke6 87.Nh6 Nh4 88.Bc4+ Kd6 89.Ng4 Ke7 90.Bf1 Ke6 91.Nf2
Kd6 92.Nd1 Ke5 93.Nb2 Kd6 94.Nc4+ Ke6 95.Na5 Kd6 96.Nb3 Ke6 97.Kf2 Ke5 98.Na5
Nh5 99.Nc6+ Kd6 100.Nb4 Ng6 101.Nd5 Ke5 102.Ne3 Nhf4 103.Kg3 Ke6 104.Bc4+ Ke7
105.Ba6 Ne5 106.h4 Nh5+ 107.Kf2 gxh4 108.Nf5+ Kf7 109.Nxh4 Nf4 110.Kg3 Nh5+
111.Kf2 Nf4 112.Ke3 Nfg6 113.Nf5 Ne7 114.Ng3 f5 115.f4 N5g6 116.Bc4+ Kf8
117.exf5 Nh8 118.f6 Nc8 119.Ne4 Nf7 120.Ng5 Ncd6 121.Bd5 Nf5+ 122.Ke4 N5d6+
123.Kf3 Nh6 124.Be6 Nb5 125.Ke4 Nd6+ 126.Ke5 Nb7 127.Bd5 Nc5 128.Kd6 Nd3
129.Kd7 Nc5+ 130.Kd8 {#r} 1-0

[Event "CHN Team Men 2017"]
[Site "Beijing CHN"]
[Date "2017.06.12"]
[Round "7.1"]
[White "Zhao Jun"]
[Black "Li Shilong"]
[Result "1-0"]
[WhiteElo "2624"]
[BlackElo "2524"]
[EventType "team"]

1.d4 Nf6 2.c4 g6 3.Nc3 Bg7 4.e4 d6 5.Be2 O-O 6.Bg5 Nbd7 7.Qd2 c6 8.f3 a6 9.Nh3
b5 10.Nf2 bxc4 11.Bxc4 d5 12.Be2 dxe4 13.fxe4 Bb7 14.O-O c5 15.e5 cxd4 16.Qxd4
Qa5 17.exf6 Qxg5 18.Nfe4 Bxf6 19.Rxf6 {#r} 1-0

[Event "10th Mayors Cup Open 2017"]
[Site "Mumbai IND"]
[Date "2017.06.10"]
[Round "9.9"]
[White "Karthikeyan,P2"]
[Black "Pranav,S"]
[Result "1-0"]
[WhiteElo "2502"]
[BlackElo "2200"]

1.d4 Nf6 2.c4 g6 3.Nc3 Bg7 4.e4 d6 5.Be2 O-O 6.Bg5 c5 7.d5 e6 8.Qd2 exd5
9.exd5 Qb6 10.Nf3 Bf5 11.Nh4 Ne4 12.Nxe4 Bxe4 13.f3 Qxb2 14.Rc1 h6 15.Bxh6
Bxh6 16.Qxb2 {#r} 1-0

[Event "CHN Team Men 2017"]
[Site "Beijing CHN"]
[Date "2017.06.12"]
[Round "7.4"]
[White "Wu Xibin"]
[Black "Lin Chen"]
[Result "1-0"]
[WhiteElo "2232"]
[BlackElo "2455"]
[EventType "team"]

1.d4 Nf6 2.c4 g6 3.Nc3 Bg7 4.e4 d6 5.f3 O-O 6.Be3 c5 7.Nge2 Nc6 8.d5 Na5 9.Nc1
a6 10.Qd2 e6 11.a4 b5 12.cxb5 exd5 13.exd5 Re8 14.Be2 Nc4 15.Bxc4 Bh8 16.Nd1
axb5 17.Bxb5 Rxe3+ 18.Nxe3 Bb7 19.Bc6 Bxc6 20.dxc6 d5 21.O-O d4 22.f4 dxe3
23.Qxd8+ Rxd8 24.a5 {#r} 1-0

[Event "12th Teplice Open 2017"]
[Site "Teplice CZE"]
[Date "2017.06.12"]
[Round "3.10"]
[White "Zanan,E"]
[Black "Kirk,Ez"]
[Result "0-1"]
[WhiteElo "2442"]
[BlackElo "2324"]

1.d4 Nf6 2.c4 g6 3.Nc3 Bg7 4.e4 d6 5.Nf3 O-O 6.h3 e5 7.d5 a5 8.Bg5 Qe8 9.Be2
Nfd7 10.g4 Nc5 11.Rg1 Kh8 12.Qd2 Nba6 13.O-O-O Bd7 14.Kb1 c6 15.h4 cxd5 16.h5
f6 17.Be3 gxh5 18.gxh5 Rf7 19.h6 Bf8 20.Nxd5 Nxe4 21.Qc2 Nec5 22.Nh4 Nb4
23.Nxb4 axb4 24.Bxc5 dxc5 25.Bh5 Bxh6 26.Nf5 Bf8 27.Bxf7 Qxf7 28.Rg3 b5
29.Rdg1 Be6 30.Ng7 Bxg7 31.Rxg7 Qh5 32.Qd2 bxc4 33.Qd6 Qf5+ 34.Ka1 c3 35.b3
Rxa2+ {#R} 0-1

[Event "10th Mayors Cup Open 2017"]
[Site "Mumbai IND"]
[Date "2017.06.10"]
[Round "9.18"]
[White "Iniyan,P"]
[Black "Dixit,Nikhil"]
[Result "1-0"]
[WhiteElo "2392"]
[BlackElo "2101"]

1.d4 Nf6 2.c4 g6 3.Nc3 Bg7 4.e4 d6 5.Nf3 O-O 6.Be2 Bg4 7.Ng1 Bc8 8.Nf3 Bg4
9.Be3 Nfd7 10.Rc1 e5 11.d5 a5 12.O-O Na6 13.a3 Ndc5 14.b3 f5 15.h3 Bh5 16.Rb1
f4 17.Bd2 g5 18.b4 axb4 19.axb4 Nd7 20.g4 Bg6 21.Ne1 Nf6 22.f3 h5 23.Nd3 hxg4
24.hxg4 Kf7 25.Qb3 Rh8 26.Kg2 Rh4 27.Be1 Rh6 28.Bf2 Qh8 29.Rh1 Rxh1 30.Rxh1
Qe8 31.c5 Nb8 32.Nb2 Bf8 33.Nb5 Qd7 34.Qc4 Ne8 35.c6 Qc8 36.Na7 Rxa7 37.Bxa7
b6 38.Nd1 Nf6 39.Nc3 Be7 40.Nd1 Ne8 41.Nf2 Nf6 42.Qa2 Bf8 43.Ra1 Be7 44.Rh1
Bd8 45.Bb5 Be7 46.Qa3 Bd8 47.Bd3 Be7 48.Be2 Bd8 49.Bxb8 Qxb8 50.Qa6 Be7 51.Qb7
Qd8 52.Ra1 Bf8 53.Ra7 Ne8 54.Qxb6 Qf6 55.Rxc7+ Nxc7 56.Qxc7+ Be7 57.Qd7 {#r}
1-0

[Event "FSIM June 2017"]
[Site "Budapest HUN"]
[Date "2017.06.11"]
[Round "9.1"]
[White "Sahil,Tic"]
[Black "Farago,S"]
[Result "1-0"]
[WhiteElo "2229"]
[BlackElo "2273"]

1.d4 Nf6 2.c4 g6 3.Nc3 Bg7 4.e4 d6 5.Nf3 O-O 6.Be2 Nbd7 7.O-O e5 8.Qc2 Re8
9.d5 Nh5 10.g3 Ndf6 11.Ne1 Bh3 12.Ng2 Ng4 13.f3 Nh6 14.Nd1 f5 15.Nf2 Bxg2
16.Kxg2 Qd7 17.Bd2 Rf8 18.Rac1 b6 19.b4 Nf6 20.c5 bxc5 21.bxc5 Rab8 22.c6 Qc8
23.Rb1 Rb6 24.Be3 fxe4 25.fxe4 Nf7 26.Bxb6 axb6 27.Nh3 Ng4 28.Bxg4 Qxg4 29.Nf2
Qc8 30.Qe2 h5 31.Nh3 Qa8 32.Rf2 Re8 33.g4 h4 34.g5 Qc8 35.Rb3 Re7 36.Kg1 Nh8
37.Ra3 Rf7 38.Rg2 Qf8 39.Rf2 Qc8 40.Kg2 Bf8 41.Rxf7 Nxf7 42.Nf2 Nxg5 43.Qg4
h3+ 44.Kg3 Qd8 45.Nxh3 Bh6 46.Nxg5 Bxg5 47.Qe6+ Kf8 48.Qxg6 Bf4+ 49.Kg4 {#r}
1-0

[Event "8th Dolomiti Open 2017"]
[Site "Forni di Sopra ITA"]
[Date "2017.06.10"]
[Round "1.9"]
[White "Naumkin,I"]
[Black "Gutierrez Castillo,P"]
[Result "1-0"]
[WhiteElo "2401"]
[BlackElo "2134"]

1.d4 Nf6 2.c4 g6 3.Nc3 Bg7 4.e4 d6 5.Nf3 O-O 6.Be2 e5 7.d5 a5 8.Bg5 h6 9.Bh4
Na6 10.Nd2 Qe8 11.O-O Bd7 12.b3 Nh7 13.a3 Kh8 14.f3 f5 15.Rb1 Bf6 16.Bf2 f4
17.b4 axb4 18.axb4 b6 19.Qb3 g5 20.Ra1 g4 21.fxg4 Rg8 22.c5 Bxg4 23.Rxa6 Rxa6
24.Bxa6 Bh3 25.g3 Bxf1 26.Bxf1 bxc5 27.bxc5 Ng5 28.Qd1 fxg3 29.hxg3 dxc5
30.Bxc5 Qg6 31.Bf2 Be7 32.Nf3 Nxf3+ 33.Qxf3 Rf8 34.Qe2 Bb4 35.Nd1 Ba5 36.Bg2
Bb6 37.Kh2 Rg8 38.Qf3 Qg4 39.Qxg4 Rxg4 40.Bxb6 cxb6 41.Ne3 Rg8 42.Bf1 Rb8
43.Bb5 Kg7 44.d6 Kf7 45.d7 Ke7 46.Nf5+ {#r} 1-0

[Event "44th OKU 2017"]
[Site "Utrecht NED"]
[Date "2017.06.10"]
[Round "3.19"]
[White "Hummel,Pau"]
[Black "Rosmuller,A"]
[Result "1-0"]
[WhiteElo "2091"]
[BlackElo "2070"]

1.d4 Nf6 2.Nf3 g6 3.c4 Bg7 4.Nc3 d6 5.e4 O-O 6.Be2 e5 7.Bg5 c6 8.dxe5 dxe5
9.Qxd8 Rxd8 10.Nxe5 Re8 11.f4 Na6 12.O-O-O Nc5 13.Bf3 a5 14.Rhe1 Be6 15.Bh4
Nh5 16.Bxh5 Bxe5 17.fxe5 gxh5 18.Bf6 h6 19.b3 Kh7 20.Re3 Rg8 21.g3 Rge8 22.Rd6
Kg6 23.Ne2 a4 24.Nf4+ Kh7 25.b4 Na6 26.Nxe6 {#r} 1-0

[Event "44th OKU 2017"]
[Site "Utrecht NED"]
[Date "2017.06.11"]
[Round "6.7"]
[White "Konings,F"]
[Black "Dijkhuis,Oele"]
[Result "0-1"]
[WhiteElo "2244"]
[BlackElo "2054"]

1.d4 Nf6 2.c4 g6 3.Nc3 Bg7 4.e4 d6 5.Nf3 O-O 6.Be2 e5 7.d5 a5 8.Bg5 h6 9.Bh4
Qe8 10.Nd2 Nh7 11.O-O Na6 12.Kh1 Bd7 13.h3 h5 14.g4 hxg4 15.hxg4 Bh6 16.Kg2 f5
17.f3 fxg4 18.fxg4 Bf4 19.Rh1 Nc5 20.Nb3 Nxb3 21.axb3 g5 22.Bg3 Qc8 23.Rh6 Rf6
24.Qh1 Rxh6 25.Qxh6 Qf8 26.Qxf8+ Kxf8 27.b4 Nf6 28.Rxa5 Rxa5 29.bxa5 Bd2
30.Bf3 Bxg4 31.c5 Bxf3+ 32.Kxf3 g4+ 33.Ke2 Bxc3 34.c6 bxc6 35.a6 Bd4 36.Bh4
Nxe4 37.dxc6 Ke8 38.b4 Nc3+ 39.Kd3 Nb5 40.Kc4 Na7 41.Kd5 Bb6 {#R} 0-1

[Event "12th Teplice Open 2017"]
[Site "Teplice CZE"]
[Date "2017.06.10"]
[Round "1.10"]
[White "Zakhartsov,Vi"]
[Black "Grichkevitch,G"]
[Result "1-0"]
[WhiteElo "2544"]
[BlackElo "2036"]

1.d4 Nf6 2.c4 g6 3.Nc3 Bg7 4.e4 d6 5.Nf3 O-O 6.Be2 e5 7.d5 a5 8.h3 Na6 9.Bg5
h6 10.Be3 Nc5 11.Nd2 Bd7 12.g4 c6 13.h4 cxd5 14.exd5 Nh7 15.Nde4 Nxe4 16.Nxe4
f5 17.gxf5 Bxf5 18.Ng3 a4 19.Qd2 a3 20.b3 h5 21.Rc1 e4 22.Bd4 Qe7 23.Bxg7 Qxg7
24.Rg1 e3 25.fxe3 Rae8 26.Qd4 Qh6 27.Kd2 Re5 28.Rcf1 Bh3 29.Rxf8+ Kxf8 30.Ne4
Rxe4 31.Qxe4 Bf5 32.Qf4 {#r} 1-0

[Event "12th Teplice Open 2017"]
[Site "Teplice CZE"]
[Date "2017.06.12"]
[Round "3.15"]
[White "Babula,V"]
[Black "Cap,A"]
[Result "1-0"]
[WhiteElo "2552"]
[BlackElo "2270"]

1.d4 Nf6 2.c4 g6 3.Nc3 Bg7 4.e4 d6 5.Nf3 O-O 6.Be2 e5 7.Be3 Nc6 8.d5 Ne7 9.Nd2
Nd7 10.b4 f5 11.f3 a5 12.bxa5 fxe4 13.fxe4 c6 14.Nb3 Kh8 15.Bf3 cxd5 16.cxd5
Ng8 17.O-O Bh6 18.Qd2 Bf4 19.Nb5 Nc5 20.Bxf4 Rxf4 21.Nxc5 dxc5 22.Qc3 Qg5
23.Nc7 Rb8 24.Rab1 Qe7 25.Ne6 Bxe6 26.Qxe5+ {#r} 1-0

[Event "9th Capo d'Orso Open 2017"]
[Site "Porto Mannu Palau ITA"]
[Date "2017.06.09"]
[Round "8.14"]
[White "Beshukov,S"]
[Black "Voltolini,G"]
[Result "1-0"]
[WhiteElo "2404"]
[BlackElo "2072"]

1.Nf3 Nf6 2.c4 g6 3.Nc3 Bg7 4.e4 d6 5.d4 O-O 6.Be2 e5 7.d5 a5 8.O-O Nbd7 9.Bg5
h6 10.Be3 Nc5 11.Nd2 Bd7 12.b3 Nh7 13.a3 Qe8 14.b4 axb4 15.axb4 Na4 16.Nxa4
Bxa4 17.Qb1 f5 18.f3 Bd7 19.Rxa8 Qxa8 20.Qb2 Nf6 21.Ra1 Qc8 22.Bd3 fxe4
23.Nxe4 Nxe4 24.Bxe4 Bf5 25.Qc2 b6 26.c5 bxc5 27.bxc5 dxc5 28.Bxc5 Rf7 29.Qb3
Bxe4 30.fxe4 Bf8 31.Bxf8 Qxf8 32.Rc1 Kh7 33.h3 Qe7 34.Qg3 Rf4 35.Rc6 Rf6
36.Rc4 Rf7 37.Kh2 Kg7 38.Rc3 h5 39.Rc6 Rf6 40.Qg5 Kf7 41.Rc4 Kg7 42.Qc1 Rf7
43.Qe3 Kh7 44.Rc6 Rf6 45.Qc5 {#r} 1-0

[Event "10th Mayors Cup Open 2017"]
[Site "Mumbai IND"]
[Date "2017.06.07"]
[Round "6.5"]
[White "Raghunandan,K"]
[Black "Amonatov,F"]
[Result "0-1"]
[WhiteElo "2410"]
[BlackElo "2632"]

1.d4 Nf6 2.Nf3 g6 3.c4 Bg7 4.Nc3 O-O 5.e4 d6 6.Be2 Nbd7 7.O-O e5 8.Be3 Ng4
9.Bg5 f6 10.Bc1 c6 11.Qc2 Qe7 12.Rd1 exd4 13.Nxd4 f5 14.g3 Nc5 15.exf5 gxf5
16.h3 Nxf2 17.Kxf2 f4 18.Bxf4 Rxf4+ 19.gxf4 Qh4+ 20.Kg1 Qg3+ 21.Kh1 Qxh3+
22.Kg1 Bxd4+ 23.Rxd4 Qe3+ 24.Kh1 Qxd4 25.Rg1+ Kh8 26.b4 Qxf4 27.bxc5 Qh4+
28.Kg2 Bh3+ 29.Kf3 Rf8+ 30.Ke3 Qf4+ 31.Kd3 Bf5+ {#R} 0-1

[Event "FSIM June 2017"]
[Site "Budapest HUN"]
[Date "2017.06.06"]
[Round "4.2"]
[White "Vardan,Nagpal"]
[Black "Dewi,A"]
[Result "1-0"]
[WhiteElo "2129"]
[BlackElo "2157"]

1.d4 Nf6 2.c4 d6 3.Nc3 Nbd7 4.e4 e5 5.Nf3 g6 6.Be2 Bg7 7.O-O O-O 8.Re1 exd4
9.Nxd4 Re8 10.f3 Ne5 11.Bf1 a6 12.Bg5 h6 13.Be3 Rb8 14.Qd2 Kh7 15.Rac1 c5
16.Nc2 Be6 17.b3 Qe7 18.Rcd1 Red8 19.a4 Qf8 20.h3 Qh8 21.Nd5 Nxd5 22.cxd5 Bc8
23.f4 Nd7 24.Qf2 b6 25.Bd3 Bb7 26.Kh1 Qf8 27.Na3 Re8 28.Bb1 Kh8 29.Bc1 Nf6
30.Bb2 Kg8 31.Nc4 b5 32.axb5 axb5 33.Na5 Ba8 34.b4 cxb4 35.Nb3 Rbc8 36.Nd4 Rc5
37.Nb3 Rc4 38.Bd4 Nh5 39.Bd3 Rc3 40.Bxc3 bxc3 41.Bc2 b4 42.Kg1 Rb8 43.e5 Bh8
44.g4 Ng7 45.f5 dxe5 46.fxg6 f6 47.Qc5 Rc8 48.Qxf8+ Kxf8 49.Rf1 Ne8 50.d6 Rd8
51.d7 Nc7 52.Nc5 Ke7 53.Bb3 Bc6 54.Bc4 Bg7 55.Nd3 c2 56.Rc1 Rxd7 57.Nxb4 Be4
58.Nxc2 Bxg6 59.Ne3 h5 60.Nf5+ Bxf5 61.gxf5 Bh6 62.Rcd1 Be3+ 63.Kg2 Bd4 64.h4
Kd6 65.Rf3 Nd5 66.Bxd5 Kxd5 67.Ra3 Ke4 68.Ra6 Kxf5 69.Rf1+ Kg4 70.Ra3 Bc3
71.Rxc3 Rd2+ 72.Rf2 Rxf2+ 73.Kxf2 f5 74.Rg3+ Kxh4 75.Rg8 f4 76.Kf3 Kh3 77.Rg5
h4 78.Rxe5 Kh2 79.Kxf4 h3 80.Kg4 Kg2 81.Re2+ Kf1 82.Rh2 Kg1 83.Kxh3 {#r} 1-0

[Event "18th ch-EUR Indiv 2017"]
[Site "Minsk BLR"]
[Date "2017.06.06"]
[Round "7.17"]
[White "Shimanov,A"]
[Black "Forcen Esteban,D"]
[Result "1-0"]
[WhiteElo "2642"]
[BlackElo "2545"]

1.d4 Nf6 2.c4 g6 3.Nc3 Bg7 4.e4 d6 5.Nf3 O-O 6.Be2 e5 7.O-O Nc6 8.d5 Ne7 9.b4
Ne8 10.c5 f5 11.a4 Nf6 12.Nd2 f4 13.Nc4 g5 14.Nb5 Ne8 15.Ba3 Ng6 16.Rc1 Rf7
17.Bg4 a6 18.Nc3 Bxg4 19.Qxg4 Bf8 20.a5 f3 21.gxf3 Rf4 22.Qe6+ Kh8 23.cxd6
Bxd6 24.Nxd6 cxd6 25.b5 Nh4 26.bxa6 bxa6 27.Ne2 Rxf3 28.Bb4 Rf6 29.Qg4 Ng7
30.Kh1 Qf8 31.f4 exf4 32.Qxg5 Qe7 33.Rxf4 Nhf5 34.exf5 {#r} 1-0

[Event "ch-FIN 2017"]
[Site "Helsinki FIN"]
[Date "2017.06.12"]
[Round "1.3"]
[White "Sammalvuo,T"]
[Black "Sipila,V"]
[Result "0-1"]
[WhiteElo "2448"]
[BlackElo "2415"]

1.d4 Nf6 2.c4 g6 3.Nc3 Bg7 4.e4 d6 5.Nf3 O-O 6.Be2 e5 7.O-O Nc6 8.dxe5 Nxe5
9.Nxe5 dxe5 10.Bg5 c6 11.Qc2 h6 12.Be3 Qe7 13.Rfd1 Ng4 14.Bxg4 Bxg4 15.f3 Be6
16.Na4 b6 17.b3 f5 18.c5 b5 19.Nb2 f4 20.Bf2 g5 21.Rd6 g4 22.Rxc6 Rad8 23.Bh4
Qxh4 24.Rxe6 gxf3 25.gxf3 Qh3 26.Rd6 Rxd6 27.cxd6 Qxf3 28.Qd3 Qxd3 29.Nxd3 Rd8
30.Nb4 Rxd6 31.Nd5 Ra6 32.Rc1 Rxa2 33.Rc7 a5 34.Ne7+ Kh8 35.Ng6+ Kh7 36.Nh4
Kg8 37.Rc8+ Kf7 38.Rc7+ Kf6 39.Rc6+ Kg5 40.Nf5 Bf8 41.Rc8 Bb4 42.Rg8+ Kf6
43.Kf1 f3 44.Rc8 Kg5 45.h4+ Kf4 46.Nxh6 Ra1+ 47.Kf2 Be1+ {#R} 0-1

[Event "9th Capo d'Orso Open 2017"]
[Site "Porto Mannu Palau ITA"]
[Date "2017.06.09"]
[Round "8.6"]
[White "Brunello,S"]
[Black "Rebers,E"]
[Result "1-0"]
[WhiteElo "2578"]
[BlackElo "2166"]

1.d4 g6 2.c4 Bg7 3.Nf3 Nf6 4.Nc3 O-O 5.e4 d6 6.Be2 e5 7.O-O Nc6 8.d5 Ne7 9.Qc2
Nh5 10.Rd1 Nf4 11.Bxf4 exf4 12.Qd2 h6 13.Qxf4 g5 14.Qd2 Ng6 15.Nd4 Nf4 16.Re1
Qf6 17.Rad1 Bd7 18.Bf1 Rae8 19.b4 Qg6 20.c5 Be5 21.c6 Qh5 22.g3 Bh3 23.Re3
bxc6 24.gxf4 {#r} 1-0

[Event "44th OKU 2017"]
[Site "Utrecht NED"]
[Date "2017.06.11"]
[Round "6.9"]
[White "Brouwer,Rein"]
[Black "Smits,Mar"]
[Result "0-1"]
[WhiteElo "2040"]
[BlackElo "2211"]

1.d4 Nf6 2.c4 g6 3.Nc3 Bg7 4.e4 d6 5.Be2 O-O 6.Nf3 e5 7.O-O Nc6 8.d5 Ne7 9.Ne1
Nd7 10.Be3 f5 11.f3 f4 12.Bf2 g5 13.b4 Nf6 14.Nd3 Ng6 15.c5 h5 16.Rc1 Rf7
17.b5 g4 18.Qb3 g3 19.hxg3 fxg3 20.Bxg3 h4 21.Bf2 Nh5 22.Rfd1 Qg5 23.Bf1 h3
24.Kh2 hxg2 25.Bxg2 Bf6 26.Ne2 Rh7 27.Kg1 Bh3 28.Ne1 Bxg2 29.Nxg2 Nhf4 30.Ng3
Rh3 31.Qb2 Rxg3 32.Bxg3 Qxg3 33.Kf1 Qh2 34.cxd6 Qh1+ {#R} 0-1